| 000 | 00608nam a2200229Ia 4500 | ||
|---|---|---|---|
| 008 | 180523s9999 xx 000 0 und d | ||
| 020 | _a0-471-27458-5 | ||
| 050 | _aMAIN TX 911 | ||
| 050 | _b.P69 2006 c.1 | ||
| 100 | _aPowers, Tom. | ||
| 245 | 0 | _aIntroduction to the hospitality industry / | |
| 245 | 0 | _cTom Powers, Clayton W. Barrows. | |
| 250 | _a6th Edition | ||
| 260 | _aNew Jersey : | ||
| 260 | _bJohn Wiley & Sons, | ||
| 260 | _c2006 | ||
| 300 | _a523 pages : | ||
| 300 | _bcolored illustrations ; | ||
| 300 | _c23 cm. | ||
| 500 | _aIncludes index. | ||
| 650 | _aHospitality industry. | ||
| 999 |
_c357740 _d357740 |
||